000 00341nam a2200133Ia 4500
008 240624s9999 xx 000 0 und d
041 _aeng
082 _a332.1 VYA
100 _aVYAS NICK
245 _aBLOCKCHAIN AND THE SUPPLY CHAIN CONCEPTS
260 _c2019
_aNew York
_bKogan Page
300 _axix, 297 p.; 23 cm.
365 _cBPS
_b33
999 _c32127
_d32127